| 000 | 00379nam a2200157Ia 4500 | ||
|---|---|---|---|
| 005 | 20251020182558.0 | ||
| 008 | 200515s9999 xx 000 0 und d | ||
| 082 | _aSC/331(044.6)/P45 | ||
| 100 | _aPerĂș Ministerio de Trabajo | ||
| 245 | 0 | _aCarta EncĂclica Laborem Exercens | |
| 260 | _aLima | ||
| 260 | _c1981 | ||
| 300 | _a120 | ||
| 650 | _aLABOREM EXCERCENS | ||
| 942 | _cLIB | ||
| 999 |
_c2971 _d2971 |
||